000 00394nam a2200121 a 4500
008 120416s1978 xx |||||||||||||| || u
050 _aTS 880 Hay
100 _aHayward, Charles H
245 1 0 _aMaking furniture
260 _c1978
350 _a0.00
995 _D0.00
_FCBU-MAIN LIBRARY (Kitwe)
_H1
_I2.50
_UDAMAGED
_ZMain Library Open Access Collection
999 _c49728
_d49728